| 000 | 01030nam a2200253 a 4500 | ||
|---|---|---|---|
| 001 | 000015292 | ||
| 005 | 20200929164014.0 | ||
| 008 | 100204s2000 dr ad 000 0 spa d | ||
| 020 | _a9993424005 | ||
| 040 |
_aDO-SdBNP _bspa _cBNPHU |
||
| 082 |
_a371.1 _bC157e |
||
| 100 | 1 |
_aCallejo de la Vega, María Luz _934578 |
|
| 245 | 1 | 0 |
_aEducación matemática y ciudadanía : _bpropuestas desde los derechos humanos / _cMaría Luz Callejo de la Vega ; edición Raymundo González de Peña. |
| 260 |
_aSanto Domingo : _bCentro Poveda, _c2000. |
||
| 300 |
_ai, 92 p. : _bil., diagr. ; _c28 cm. |
||
| 490 | 1 |
_aCuadernos de Sociedad y Educación _vv. 12 |
|
| 504 | _aIncluye referencias bibliográficas y notas al pie de las páginas | ||
| 504 | _aIncluye bibliografías (p. 91-92) | ||
| 650 | 4 |
_aMatemática _934579 |
|
| 650 | 4 |
_aMatemática _xEstudio y enseñanza (educación secundaria) _934580 |
|
| 700 | 1 |
_aGonzález de Peña, Raymundo, _eed. _934581 |
|
| 830 | 0 |
_aCuadernos de Sociedad y Educación _nno. 12 _934582 |
|
| 049 | _aBNPD | ||
| 999 |
_c14858 _d14858 |
||